Vocabulario de teología bíblica / (Record no. 91033)

MARC details
000 -LEADER
campo de control de longitud fija 00811nam a2200229 i 4500
001 - NÚMERO DE CONTROL
campo de control 91033
003 - IDENTIFICADOR DE NÚMERO DE CONTROL
campo de control ES-MaACL
005 - FECHA Y HORA DE LA ÚLTIMA TRANSACCIÓN
campo de control 20230906180624.0
007 - CAMPO FIJO DE DESCRIPCIÓN FÍSICA--INFORMACIÓN GENERAL
campo de control de longitud fija t|
008 - DATOS DE LONGITUD FIJA--INFORMACIÓN GENERAL
campo de control de longitud fija 050126s1965 sp ||||1| spa d
100 1# - ENTRADA PRINCIPAL--NOMBRE DE PERSONA
Nombre de persona Leon-Dufour, Xavier.
9 (RLIN) 71612
245 10 - MENCIÓN DEL TÍTULO
Título Vocabulario de teología bíblica /
Mención de responsabilidad, etc. Xavier Leon-Dufour ; [versión Alejandro Ros ; revisada por Joaquín Losada].
260 ## - PUBLICACIÓN, DISTRIBUCIÓN, ETC.
Lugar de publicación, distribución, etc. Barcelona :
Nombre del editor, distribuidor, etc. Herder,
Fecha de publicación, distribución, etc. 1965.
300 ## - DESCRIPCIÓN FÍSICA
Extensión 871 p. ;
Dimensiones 22 cm.
490 1# - MENCIÓN DE SERIE
Mención de serie Biblioteca Herder. Sección de Sagrada Escritura ;
Designación de volumen o secuencia 66
650 #4 - PUNTO DE ACCESO ADICIONAL DE MATERIA--TÉRMINO DE MATERIA
Término de materia o nombre geográfico como elemento de entrada Teología bíblica-
Subdivisión de forma Diccionarios.
9 (RLIN) 165797
700 1# - ENTRADA AGREGADA--NOMBRE PERSONAL
Nombre de persona Ros, Alejandro.
9 (RLIN) 99564
700 0# - ENTRADA AGREGADA--NOMBRE PERSONAL
Nombre de persona Losada, Joaquín.
9 (RLIN) 74256
830 0# - PUNTO DE ACCESO ADICIONAL DE SERIE-TÍTULO UNIFORME
Título uniforme Biblioteca Herder. Sección de Sagrada Escritura ;
Designación de volumen o secuencia 66
9 (RLIN) 186862
852 ## - LOCALIZACIÓN
Ubicación ES-MaACL
Número de control de estantería C-28116
Sublocalización o colección R.57931
Holdings
Estatus retirado Estado de pérdida Estado de daño No para préstamo Biblioteca de origen Biblioteca actual Ubicación en estantería Fecha de adquisición Fuente de adquisición Total de préstamos Signatura topográfica completa Código de barras Visto por última vez Precio de reemplazo Tipo de ítem Koha
        Biblioteca del Ateneo de Madrid Biblioteca del Ateneo de Madrid Depósito 2 17/01/2008     C-28116 1095044 23/02/2023 23/02/2023 Libro impreso